000 007320000a22002170004500
005 20081031172835.0
008 081031t xxu||||| |||| 00| 0 eng d
010 _aENG-84414
020 _a8189012134
020 _c425.00 (hb)
035 _aEN-67947
082 _a155.65
100 _aRajamanickam, M
245 _aPsychology of college students /
_cby M Rajamanickam
260 _aDelhi
_bGNOSIS
260 _c2007
300 _axii,160p
_c22cm
500 _aIncludes bibliographical references and index
942 _2ddc
_cEN
_h155.65
_mRAJ
999 _c17734
_d17734